00401nam a2200157 4500003001100000005001700011008004100028020001500069040003900084041000800123082001300131100001900144245001500163260003500178650003000213LK-CoMWRAF20240103111116.0230908b2006 |||||||| |||| 00| 0 eng d a9559976907 aLK-CoMWRAFdLK-CoMWRAFeLK-CoMWRAF aeng a823bRAJ aRajon, Maleeha aFootprints aNugegoda :bK. N. Rajan,c2006 aEnglish Fiction-Sri Lanka